Carregant...

Responding to Terrorism in South Asia/

Dades bibliogràfiques
Altres autors: Muni, S D, ed (Editor)
Format: Printed Book
Publicat: New Delhi: Manohar, 2006.
LEADER 00398nam a22001217a 4500
020 |a 81-7304-671-9 
245 |a Responding to Terrorism in South Asia/ 
260 |a New Delhi:  |b Manohar,  |c 2006. 
300 |a 542p. 
942 |2 ddc  |c BK 
999 |c 341102  |d 341102 
700 |e editor.  |a Muni, S D, ed. 
952 |0 0  |1 0  |2 ddc  |4 0  |7 0  |8 IOS  |9 391571  |a POL  |b POL  |c ST1  |d 2012-04-18  |g 0.00  |i IO-128  |l 0  |p POLI128  |r 2015-03-04  |w 2015-03-04  |y BK